[Event "2BLN 2223 SV Werder Bremen II - SK Nord"]
[Site "?"]
[Date "2022.11.27"]
[Round "4.5"]
[White "Zierke, Oliver"]
[Black "Kollen, Zyon"]
[Result "0-1"]
[WhiteElo "2264"]
[BlackElo "2343"]
[PlyCount "68"]
[EventDate "2022.??.??"]

1. d4 Nf6 2. Nf3 e6 3. Bg5 h6 4. Bh4 b6 5. e3 Bb7 6. Bd3 g5 7. Bg3 g4 8. Nfd2 h5 9. e4 h4 10. Bf4 Rg8 11. Qe2 Nc6 12. c3 d6 13. d5 Ne5 14. Bxe5 dxe5 15. Bb5+ Nd7 16. Nc4 Bd6 17. Nbd2 exd5 18. exd5 Qe7 19. Bxd7+ Kxd7 20. Ne3 Raf8 21. Nxg4 f5 22. Ne3 f4 23. Ng4 Bxd5 24. f3 Rxg4 25. fxg4 h3 26. Nf3 hxg2 27. Qxg2 e4 28. Nd4 f3 29. Qh3 e3 30. g5+ Kd8 31. O-O-O e2 32. Rde1 f2 33. Rxe2 Bxh1 34. Qf1 Qxe2 0-1

[Event "2BLN 2223 SV Werder Bremen II - SK Nord"]
[Site "?"]
[Date "2022.11.27"]
[Round "4.6"]
[White "Breutigam, Martin"]
[Black "Hovhannisyan, Artur"]
[Result "1-0"]
[WhiteElo "2358"]
[BlackElo "2177"]
[PlyCount "71"]
[EventDate "2022.??.??"]

1. d4 Nf6 2. Nf3 e6 3. e3 c5 4. Bd3 b6 5. O-O Bb7 6. c4 Be7 7. Nc3 O-O 8. d5 exd5 9. cxd5 d6 10. e4 Nbd7 11. h3 Re8 12. Bf4 a6 13. a4 Bf8 14. Re1 Nh5 15. Bh2 Qf6 16. Qd2 Ne5 17. Be2 Ng6 18. Ra3 Bc8 19. Rb3 Rb8 20. Qg5 Qxg5 21. Nxg5 Nhf4 22. Bf1 Be7 23. Nf3 Bf6 24. Nd2 Bd8 25. Re3 Bg5 26. Nc4 Rd8 27. Rxb6 Rxb6 28. Nxb6 Bb7 29. Rf3 Nh5 30. Nc4 Bf4 31. Bxf4 Nhxf4 32. Ne2 Nxe2+ 33. Bxe2 f6 34. Rb3 Rd7 35. Rb6 Ne5 36. Nxd6 1-0

[Event "2BLN 2223 SV Werder Bremen II - SK Nord"]
[Site "?"]
[Date "2022.11.27"]
[Round "4.7"]
[White "Bohnsack, Ralf"]
[Black "Richter, Christian"]
[Result "0-1"]
[WhiteElo "2162"]
[BlackElo "2354"]
[PlyCount "111"]
[EventDate "2022.??.??"]

1. d4 Nf6 2. Nf3 g6 3. c4 Bg7 4. Nc3 d6 5. e4 O-O 6. Be2 Na6 7. Be3 e5 8. d5 Nc5 9. Nd2 a5 10. O-O Nfd7 11. b3 f5 12. f3 Bf6 13. Nb5 Be7 14. Rb1 c6 15. Nc3 Bg5 16. Bf2 Bh4 17. a3 Bxf2+ 18. Rxf2 Na6 19. b4 axb4 20. axb4 c5 21. b5 Nb4 22. Ra1 Rxa1 23. Qxa1 Nc2 24. Qb2 Nd4 25. Bd3 f4 26. Nb3 g5 27. h3 h5 28. Kf1 Kf7 29. Ke1 Rh8 30. Bf1 Ke7 31. Rd2 g4 32. Nxd4 cxd4 33. Na4 b6 34. Qb4 gxf3 35. gxf3 Rg8 36. Ra2 Qc7 37. Rg2 Rxg2 38. Bxg2 Qa7 39. Ke2 Nc5 40. Nxc5 dxc5 41. Qe1 Qa2+ 42. Kf1 Qxc4+ 43. Kg1 Qxb5 44. Qh4+ Kd7 45. Bf1 c4 46. Qf6 d3 47. Qe6+ Kc7 48. Qxe5+ Kb7 49. Qc3 Bd7 50. h4 Qc5+ 51. Kg2 Qc8 52. Qg7 Qc7 53. Qc3 Ba4 54. e5 Qc5 55. d6 Qd5 56. Bxd3 0-1

[Event "2BLN 2223 SV Werder Bremen II - SK Nord"]
[Site "?"]
[Date "2022.11.27"]
[Round "4.8"]
[White "Ewert, Hannes"]
[Black "Fernschild, Daniel"]
[Result "1-0"]
[WhiteElo "2293"]
[BlackElo "1980"]
[PlyCount "59"]
[EventDate "2022.??.??"]

1. d4 Nf6 2. Nf3 e6 3. c4 b6 4. g3 Bb7 5. Bg2 Be7 6. O-O O-O 7. Nc3 d5 8. cxd5 Nxd5 9. Re1 c5 10. e4 Nxc3 11. bxc3 cxd4 12. cxd4 Nd7 13. Bb2 Nf6 14. Qd3 h6 15. Rad1 Qd7 16. a3 Rac8 17. d5 Rfd8 18. Bh3 Qa4 19. Nd4 Bc5 20. Qb3 Qxb3 21. Nxb3 Rc7 22. Nxc5 bxc5 23. Be5 Re7 24. dxe6 Rxd1 25. Rxd1 fxe6 26. f3 Kf7 27. Rc1 Ba6 28. Bd6 Rd7 29. Bxc5 Rd3 30. Bf1 1-0

[Event "2BLN 2223 HSK Lister Turm - SK Doppelba"]
[Site "?"]
[Date "2022.11.27"]
[Round "4.1"]
[White "Teclaf, Pawel"]
[Black "Schneider, Ilja"]
[Result "1-0"]
[WhiteElo "2547"]
[BlackElo "2481"]
[PlyCount "63"]
[EventDate "2022.??.??"]

1. c4 f5 2. Nf3 Nf6 3. g3 g6 4. b3 Bg7 5. Bb2 O-O 6. Bg2 d6 7. d4 Ne4 8. Qc2 Qe8 9. Nbd2 Nxd2 10. Qxd2 Nd7 11. d5 Nf6 12. O-O Bd7 13. Nd4 Rb8 14. b4 Qf7 15. Qc2 c6 16. dxc6 bxc6 17. a3 c5 18. bxc5 dxc5 19. Nf3 Ba4 20. Qxa4 Rxb2 21. Ng5 Qe8 22. Qxa7 Rxe2 23. Rae1 Rxe1 24. Rxe1 e5 25. Bd5+ Nxd5 26. cxd5 c4 27. Rb1 Qa8 28. Qe7 Qe8 29. Qd6 c3 30. Rb7 e4 31. Ne6 Bh6 32. Qe5 1-0

[Event "2BLN 2223 HSK Lister Turm - SK Doppelba"]
[Site "?"]
[Date "2022.11.27"]
[Round "4.2"]
[White "Abel, Dennes"]
[Black "Parvanyan, Ashot"]
[Result "1/2-1/2"]
[WhiteElo "2392"]
[BlackElo "2438"]
[PlyCount "57"]
[EventDate "2022.??.??"]

1. d4 Nf6 2. c4 g6 3. Nc3 Bg7 4. e4 d6 5. Be2 O-O 6. Nf3 e5 7. Be3 exd4 8. Nxd4 Re8 9. Qc2 Ng4 10. Bxg4 Bxg4 11. O-O Nc6 12. Qd2 Ne5 13. b3 c5 14. Nc2 Qa5 15. Nd5 Qxd2 16. Bxd2 Be2 17. Rfe1 Bd3 18. Rac1 Rab8 19. Bc3 Nc6 20. Re3 Bxc2 21. Rxc2 Nd4 22. Bxd4 cxd4 23. Re1 f5 24. Rce2 d3 25. Re3 fxe4 26. Rxe4 Rxe4 27. Rxe4 d2 28. Ne3 b5 29. Kf1 1/2-1/2

[Event "2BLN 2223 HSK Lister Turm - SK Doppelba"]
[Site "?"]
[Date "2022.11.27"]
[Round "4.3"]
[White "Olsen, Filip Boe"]
[Black "Pfreundt, Jakob"]
[Result "1/2-1/2"]
[WhiteElo "2419"]
[BlackElo "2406"]
[PlyCount "82"]
[EventDate "2022.??.??"]

1. d4 Nf6 2. c4 e6 3. Bf4 b6 4. a3 Bb7 5. Nc3 d5 6. cxd5 Nxd5 7. Nxd5 Bxd5 8. Qc2 Bd6 9. Bxd6 cxd6 10. e4 Bb7 11. Bb5+ Nd7 12. Nf3 a6 13. Bd3 e5 14. O-O exd4 15. Nxd4 O-O 16. Rad1 g6 17. Ne2 Re8 18. Nc3 Nf6 19. f3 Qc7 20. Na4 Qd8 21. Qf2 b5 22. Nc3 Qc7 23. Bb1 Re5 24. Qd4 Qc5 25. Rf2 Qxd4 26. Rxd4 Ne8 27. Ba2 Rc8 28. Rfd2 Rec5 29. a4 bxa4 30. Rxa4 a5 31. Ra3 Bc6 32. h3 Rb8 33. Bd5 Bxd5 34. Rxd5 Rxd5 35. Nxd5 Rxb2 36. Rxa5 Kg7 37. Ra7 Nf6 38. Nc7 Kf8 39. Ra8+ Ke7 40. Ra7 Kf8 41. Ra8+ Ke7 1/2-1/2

[Event "2BLN 2223 HSK Lister Turm - SK Doppelba"]
[Site "?"]
[Date "2022.11.27"]
[Round "4.4"]
[White "Walter, Stefan"]
[Black "Fromm, Marius"]
[Result "0-1"]
[WhiteElo "2387"]
[BlackElo "2420"]
[PlyCount "76"]
[EventDate "2022.??.??"]

1. d4 Nf6 2. Nf3 e6 3. Bf4 c5 4. c3 Nc6 5. e3 Nh5 6. Bg5 Qb6 7. Qb3 f6 8. Qxb6 axb6 9. Bh4 g5 10. Bg3 Nxg3 11. hxg3 d5 12. Nbd2 Kf7 13. Be2 g4 14. Nh2 f5 15. f3 h5 16. Bb5 Bg7 17. Nb3 c4 18. Nc1 Na7 19. Ba4 b5 20. Bc2 b4 21. Ne2 Bd7 22. Nf1 Nc6 23. e4 b3 24. Bb1 e5 25. exd5 exd4 26. a4 dxc3 27. dxc6 cxb2 28. Ra3 Bxc6 29. Ne3 Bf8 30. Nxc4 Bxa3 31. Nxa3 Rxa4 32. Bxf5 Rxa3 33. Kf2 Ra1 34. Bb1 Rd8 35. Ke3 Re8+ 36. Kf2 Rc8 37. Nf4 Be4 38. fxe4 Rc1 0-1

[Event "2BLN 2223 HSK Lister Turm - SK Doppelba"]
[Site "?"]
[Date "2022.11.27"]
[Round "4.5"]
[White "Arndt, Magnus"]
[Black "Hoeffer, David"]
[Result "1-0"]
[WhiteElo "2375"]
[BlackElo "2337"]
[PlyCount "67"]
[EventDate "2022.??.??"]

1. e4 e5 2. Nf3 Nc6 3. Bc4 Nf6 4. Ng5 d5 5. exd5 Na5 6. Bb5+ c6 7. dxc6 bxc6 8. Bd3 Nd5 9. h4 h6 10. Qh5 Qf6 11. Nh7 Rxh7 12. Bxh7 Nf4 13. Qf3 Bb7 14. Be4 O-O-O 15. d3 c5 16. Bxb7+ Nxb7 17. Nc3 c4 18. Bxf4 exf4 19. O-O-O Rd4 20. dxc4 Rxc4 21. Qd3 Rc6 22. Rhe1 Nd6 23. Ne4 Qxh4 24. Nxd6+ Bxd6 25. Qf5+ Kb7 26. Qxf7+ Bc7 27. Qb3+ Bb6 28. Rd7+ Kc8 29. Qd5 Be3+ 30. Kb1 Rb6 31. Rd1 Rxb2+ 32. Kxb2 Qf6+ 33. c3 Qb6+ 34. Ka1 1-0

[Event "2BLN 2223 HSK Lister Turm - SK Doppelba"]
[Site "?"]
[Date "2022.11.27"]
[Round "4.6"]
[White "Hampel, Felix"]
[Black "Kopylov, Daniel"]
[Result "1/2-1/2"]
[WhiteElo "2327"]
[BlackElo "2305"]
[PlyCount "128"]
[EventDate "2022.??.??"]

1. c4 c5 2. Nf3 Nf6 3. Nc3 d5 4. cxd5 Nxd5 5. e3 Nxc3 6. dxc3 Qc7 7. Bd3 Nc6 8. h3 e6 9. O-O Be7 10. Qe2 b6 11. e4 Bb7 12. Re1 h6 13. Bd2 O-O-O 14. b4 Ne5 15. Nxe5 Qxe5 16. Ba6 Kb8 17. Bxb7 Kxb7 18. a4 c4 19. a5 b5 20. a6+ Ka8 21. Ra5 Rd3 22. f4 Qd6 23. Be3 Qc6 24. Qh5 g6 25. Qxb5 Qxb5 26. Rxb5 Bh4 27. Bf2 Bxf2+ 28. Kxf2 Rxc3 29. Rd1 Ra3 30. Rc5 Rxa6 31. Rd7 g5 32. fxg5 hxg5 33. Rxf7 Rd8 34. Rxc4 Ra2+ 35. Kg1 g4 36. hxg4 Kb8 37. Kh2 Rdd2 38. Kg3 Rxg2+ 39. Kh4 Rh2+ 40. Kg5 Rh8 41. Rg7 Ra4 42. e5 a5 43. Rc5 axb4 44. Kg6 Ka8 45. Rc4 Rb8 46. Kh7 Ra1 47. Rg8 Ra7+ 48. Kh8 b3 49. Rc1 Ra4 50. g5 Rg4 51. Rxb8+ Kxb8 52. Kg7 Rxg5+ 53. Kf6 b2 54. Rb1 Rg2 55. Kxe6 Kc7 56. Ke7 Kc6 57. e6 Kc5 58. Kd7 Rd2+ 59. Ke8 Re2 60. e7 Kc4 61. Kd8 Kc3 62. e8=Q Rxe8+ 63. Kxe8 Kc2 64. Rxb2+ Kxb2 1/2-1/2

[Event "2BLN 2223 HSK Lister Turm - SK Doppelba"]
[Site "?"]
[Date "2022.11.27"]
[Round "4.7"]
[White "Boe, Mads"]
[Black "Schulze, Torben"]
[Result "1/2-1/2"]
[WhiteElo "2302"]
[BlackElo "2280"]
[PlyCount "39"]
[EventDate "2022.??.??"]

1. d4 Nf6 2. Nf3 e6 3. Bg5 c5 4. e3 Nc6 5. c3 h6 6. Bh4 Qb6 7. Qb3 d5 8. Nbd2 Bd7 9. Be2 Be7 10. O-O Qxb3 11. axb3 cxd4 12. exd4 Ne4 13. Bxe7 Nxd2 14. Nxd2 Kxe7 15. b4 a6 16. Nb3 Rab8 17. Bd3 Na7 18. Rfe1 Rhe8 19. Re3 Bb5 20. Bc2 1/2-1/2

[Event "2BLN 2223 HSK Lister Turm - SK Doppelba"]
[Site "?"]
[Date "2022.11.27"]
[Round "4.8"]
[White "Pubantz, Jan"]
[Black "Beeck, Mats"]
[Result "1/2-1/2"]
[WhiteElo "2274"]
[BlackElo "2175"]
[PlyCount "83"]
[EventDate "2022.??.??"]

1. d4 Nf6 2. c4 e6 3. Nc3 Bb4 4. Qc2 d5 5. a3 Bxc3+ 6. Qxc3 O-O 7. Nf3 Nbd7 8. Bg5 h6 9. Bh4 b6 10. cxd5 exd5 11. e3 c5 12. Bd3 a5 13. O-O Ba6 14. Bxa6 Rxa6 15. Ne5 Qa8 16. Bxf6 Nxf6 17. dxc5 Ne4 18. Qc2 Nxc5 19. Rad1 Ra7 20. Qe2 Re8 21. Nf3 Re6 22. Qb5 a4 23. Rd4 Ra5 24. Qe2 Re4 25. Rb4 Ne6 26. Qd3 Qc6 27. Nd4 Nxd4 28. Rxd4 Rc5 29. h3 Rxd4 30. Qxd4 Rc2 31. Rd1 Qb5 32. Rd2 Rxd2 33. Qxd2 Qc4 34. Kh2 Qc7+ 35. Kg1 Qc4 36. Kh2 Qc7+ 37. g3 Qc4 38. Qd1 g6 39. Kg1 h5 40. h4 Kf8 41. Qf1 b5 42. Qd1 1/2-1/2

[Event "2BLN 2223 HSK Lister Turm - SV Glückau"]
[Site "?"]
[Date "2023.02.04"]
[Round "5.1"]
[White "Klimkowski, Jan"]
[Black "Schneider, Ilja"]
[Result "1-0"]
[WhiteElo "2461"]
[BlackElo "2483"]
[PlyCount "179"]
[EventDate "2023.??.??"]

1. d4 d5 2. c4 c6 3. Nf3 Nf6 4. Nc3 a6 5. g3 dxc4 6. a4 e6 7. Bg2 c5 8. dxc5 Qxd1+ 9. Nxd1 Bd7 10. Ne5 Nc6 11. Nxc4 Bxc5 12. O-O Ke7 13. Nc3 Rhd8 14. a5 Rac8 15. Bf4 h6 16. Nb6 Bxb6 17. axb6 e5 18. Be3 Be6 19. Bc5+ Ke8 20. b4 Rd7 21. f4 exf4 22. gxf4 Nd4 23. Bxb7 Nxe2+ 24. Nxe2 Rxb7 25. Rfe1 Nd7 26. Nd4 Nxc5 27. bxc5 Rxc5 28. f5 Rxb6 29. fxe6 Ke7 30. exf7+ Kxf7 31. Ra3 Rd5 32. Nf3 a5 33. Ne5+ Kg8 34. Nc4 Rg6+ 35. Kh1 Kh7 36. Rxa5 Rxa5 37. Nxa5 Ra6 38. Nc4 Kg6 39. Kg2 Kh5 40. Re3 Ra2+ 41. Kg3 g5 42. Rb3 Ra4 43. Rc3 Rb4 44. Ne3 Re4 45. Nf5 Kg6 46. Ne3 Kh5 47. Rb3 Ra4 48. Nf1 Ra1 49. Kg2 Ra2+ 50. Kh3 Ra6 51. Rb4 Kg6 52. Ng3 Rc6 53. Kg4 Ra6 54. Rd4 Rf6 55. Rc4 Rf2 56. Rc6+ Kh7 57. Nh5 Rg2+ 58. Kh3 Re2 59. Rd6 Ra2 60. Kg3 Rb2 61. Re6 Ra2 62. Rc6 Rb2 63. h3 Rb1 64. Re6 Rg1+ 65. Kf2 Rh1 66. Kg2 Ra1 67. Kf3 Rh1 68. Kg4 Rg1+ 69. Ng3 Rg2 70. Re2 Rg1 71. Kf3 Ra1 72. Re7+ Kg6 73. Re6+ Kh7 74. Nf5 Ra3+ 75. Ne3 Rb3 76. Kg4 Rb4+ 77. Kg3 Rb3 78. Kg4 Rb4+ 79. Kf3 Rb3 80. Rd6 Ra3 81. Ke4 Ra4+ 82. Rd4 Ra3 83. Rd3 Ra4+ 84. Ke5 Ra5+ 85. Kf6 Ra6+ 86. Kf5 Ra5+ 87. Rd5 Ra3 88. Rd7+ Kg8 89. Ng4 Kf8 90. Nf6 1-0

[Event "2BLN 2223 HSK Lister Turm - SV Glückau"]
[Site "?"]
[Date "2023.02.04"]
[Round "5.2"]
[White "Abel, Dennes"]
[Black "Leniart, Arkadiusz"]
[Result "1-0"]
[WhiteElo "2393"]
[BlackElo "2497"]
[PlyCount "69"]
[EventDate "2023.??.??"]

1. Nf3 d5 2. e3 Nf6 3. c4 g6 4. Nc3 Bg7 5. d4 O-O 6. b4 b6 7. Qb3 Bb7 8. Be2 dxc4 9. Qxc4 Nbd7 10. O-O Ne8 11. Bb2 Nd6 12. Qb3 e5 13. dxe5 Nxe5 14. Nxe5 Bxe5 15. Rfd1 Qg5 16. Bf1 Bf3 17. Rd2 Rae8 18. g3 Nf5 19. Ne2 Bxb2 20. Rxb2 Nh4 21. Nd4 c5 22. bxc5 bxc5 23. Nxf3 Nxf3+ 24. Kg2 Nh4+ 25. Kh1 Nf3 26. Kg2 Re4 27. Qb7 Nh4+ 28. Kh1 Qe5 29. f4 Qc3 30. Qxe4 Qxb2 31. Rb1 Qxa2 32. gxh4 Qf2 33. h5 Kg7 34. Qe5+ f6 35. Qe7+ 1-0

[Event "2BLN 2223 HSK Lister Turm - SV Glückau"]
[Site "?"]
[Date "2023.02.04"]
[Round "5.3"]
[White "Sieciechowicz, Marcin"]
[Black "Walter, Stefan"]
[Result "1-0"]
[WhiteElo "2384"]
[BlackElo "2382"]
[PlyCount "131"]
[EventDate "2023.??.??"]

1. d4 d5 2. c4 e6 3. Nc3 Be7 4. Nf3 Nf6 5. cxd5 exd5 6. Bg5 c6 7. Qc2 g6 8. e3 Bf5 9. Bd3 Bxd3 10. Qxd3 Nbd7 11. h3 O-O 12. Bf4 Re8 13. O-O Bf8 14. Rab1 a5 15. Qc2 Ne4 16. Nxe4 Rxe4 17. Qb3 Ra7 18. Ne5 a4 19. Qc3 Nxe5 20. Bxe5 Bh6 21. Rbe1 f6 22. f3 Rxe3 23. Rxe3 Bxe3+ 24. Qxe3 fxe5 25. Qxe5 Ra8 26. Qe6+ Kf8 27. Re1 Rc8 28. f4 Rc7 29. f5 gxf5 30. Qe5 Kg8 31. Qxf5 Rf7 32. Qg4+ Kh8 33. Re6 Qd7 34. Qe2 Kg8 35. Re8+ Rf8 36. Re7 Qf5 37. Rxb7 Qf4 38. Qd3 Rf5 39. Ra7 h5 40. Rxa4 h4 41. Qd1 Qf2+ 42. Kh1 Rf4 43. Qb3 Kh7 44. Ra7+ Kh6 45. Qc3 Qxd4 46. Qc1 Qc4 47. Qe3 Qe4 48. Re7 Qxe3 49. Rxe3 Rf2 50. Rb3 Kg5 51. Kg1 Rc2 52. a4 Kf4 53. a5 Rc1+ 54. Kf2 Rc2+ 55. Kf1 Rc1+ 56. Ke2 Rc2+ 57. Kd3 Rxg2 58. Kd4 Rg8 59. a6 Ra8 60. Rb6 Kg3 61. Rxc6 Kxh3 62. Rg6 Rb8 63. a7 Rb4+ 64. Kxd5 Rb5+ 65. Kc6 Rb8 66. axb8=R 1-0

[Event "2BLN 2223 HSK Lister Turm - SV Glückau"]
[Site "?"]
[Date "2023.02.04"]
[Round "5.4"]
[White "Hoeffer, David"]
[Black "Steczek, Marcin"]
[Result "1-0"]
[WhiteElo "2314"]
[BlackElo "2366"]
[PlyCount "117"]
[EventDate "2023.??.??"]

1. d4 Nf6 2. Nc3 d5 3. Bf4 e6 4. Nb5 Na6 5. e3 Bb4+ 6. c3 Be7 7. a4 O-O 8. Bd3 c6 9. Na3 c5 10. Nb5 Bd7 11. Nf3 c4 12. Bc2 Bxb5 13. axb5 Nc7 14. Ba4 Ne4 15. Nd2 Nxd2 16. Qxd2 Bd6 17. Bg3 Ne8 18. b3 Bxg3 19. hxg3 Nd6 20. bxc4 Nxc4 21. Qd3 g6 22. e4 Qc7 23. Bb3 Na5 24. Ba2 dxe4 25. Qe3 Rfd8 26. Rc1 Rd6 27. Qxe4 Rad8 28. Qf4 Qd7 29. Qe5 Rb6 30. Rb1 Rc8 31. Rxh7 f6 32. Qxf6 Kxh7 33. Kd2 Rxb5 34. Bxe6 Nc4+ 35. Kd3 Qc6 36. Rh1+ Rh5 37. Rxh5+ gxh5 38. Qf5+ Kh6 39. Bxc8 Nd6 40. Qe6+ Kg7 41. Qd7+ Qxd7 42. Bxd7 b5 43. Bc6 a5 44. Bd5 Kf6 45. c4 bxc4+ 46. Bxc4 a4 47. Bd5 a3 48. Kc3 Nb5+ 49. Kb4 Nxd4 50. Kxa3 Kg5 51. Kb2 h4 52. gxh4+ Kxh4 53. Kc3 Nf5 54. Kd3 Kg5 55. Ke4 Nh4 56. f4+ Kg4 57. Be6+ Kg3 58. Bh3 Ng6 59. f5 1-0

[Event "2BLN 2223 HSK Lister Turm - SV Glückau"]
[Site "?"]
[Date "2023.02.04"]
[Round "5.5"]
[White "Dudzinski, Piotr"]
[Black "Hampel, Felix"]
[Result "1-0"]
[WhiteElo "2330"]
[BlackElo "2333"]
[PlyCount "147"]
[EventDate "2023.??.??"]

1. e4 c5 2. c3 Nf6 3. e5 Nd5 4. d4 cxd4 5. cxd4 d6 6. Nf3 e6 7. Bc4 Be7 8. O-O O-O 9. Qe2 b6 10. Bd2 dxe5 11. dxe5 Nd7 12. Nc3 Bb7 13. Nxd5 exd5 14. Bd3 Nc5 15. Nd4 Nxd3 16. Qxd3 Bc5 17. Rfe1 Qh4 18. Be3 Bb4 19. Bd2 Bc5 20. Be3 Bb4 21. Rec1 Qe4 22. Qxe4 dxe4 23. Rc7 Bd5 24. a3 Bc5 25. Nf5 Bxe3 26. fxe3 Be6 27. Nd6 h6 28. Rac1 a5 29. Nxe4 a4 30. Nd6 Ra5 31. R1c6 Rxe5 32. e4 Rb8 33. Kf2 b5 34. Kf3 b4 35. Rb7 Rxb7 36. Nxb7 bxa3 37. bxa3 Bb3 38. Nc5 Bd1+ 39. Kf4 Rh5 40. h3 Rg5 41. g4 Kh7 42. e5 Rg6 43. Rd6 Bc2 44. Nd7 Kg8 45. Rxg6 Bxg6 46. Nc5 Bc2 47. Ke3 f6 48. Kd2 Bg6 49. exf6 gxf6 50. Nxa4 Be4 51. Ke3 Bg2 52. h4 Kg7 53. Kf4 h5 54. g5 Kg6 55. gxf6 Kxf6 56. Nc5 Bc6 57. Ne4+ Kg6 58. Ke5 Bb5 59. Nc3 Bc6 60. Nd5 Be8 61. Nf4+ Kg7 62. Kf5 Bd7+ 63. Kg5 Kf7 64. Nxh5 Ba4 65. Nf4 Bd1 66. h5 Bb3 67. h6 Bc2 68. Nd5 Ke6 69. Ne3 Bd3 70. a4 Bh7 71. a5 Ke5 72. a6 Kd6 73. a7 Be4 74. Kf4 1-0

[Event "2BLN 2223 HSK Lister Turm - SV Glückau"]
[Site "?"]
[Date "2023.02.04"]
[Round "5.6"]
[White "Schulze, Torben"]
[Black "Szadkowski, Kamil"]
[Result "1-0"]
[WhiteElo "2297"]
[BlackElo "2284"]
[PlyCount "63"]
[EventDate "2023.??.??"]

1. e4 c5 2. Nc3 a6 3. Nge2 d6 4. d4 cxd4 5. Qxd4 Nc6 6. Qd2 Nf6 7. b3 e6 8. Bb2 Be7 9. f3 O-O 10. O-O-O b5 11. Kb1 b4 12. Na4 d5 13. e5 Nd7 14. f4 Nb6 15. Nxb6 Qxb6 16. Nd4 a5 17. g4 a4 18. h4 Ra5 19. Rh2 Bd7 20. Nxc6 Qxc6 21. Bd4 Rb8 22. Bd3 Bc5 23. Bxc5 Rxc5 24. f5 Qc7 25. Qf4 d4 26. Re2 exf5 27. gxf5 f6 28. Qxd4 axb3 29. axb3 Be8 30. exf6 Bf7 31. Rg1 Rd8 32. Qg4 1-0

[Event "2BLN 2223 HSK Lister Turm - SV Glückau"]
[Site "?"]
[Date "2023.02.04"]
[Round "5.7"]
[White "Wlodarczyk, Oskar"]
[Black "Pubantz, Jan"]
[Result "0-1"]
[WhiteElo "2243"]
[BlackElo "2296"]
[PlyCount "78"]
[EventDate "2023.??.??"]

1. e4 c6 2. d4 d5 3. Nc3 dxe4 4. Nxe4 Nf6 5. Nxf6+ exf6 6. c3 Bd6 7. Bd3 O-O 8. Qc2 c5 9. Ne2 g6 10. Be3 Qc7 11. dxc5 Bxc5 12. Bxc5 Qxc5 13. O-O Nc6 14. Be4 Re8 15. Bxc6 bxc6 16. Nd4 Qb6 17. Rfe1 Bb7 18. Nf3 c5 19. Rxe8+ Rxe8 20. Re1 Rxe1+ 21. Nxe1 Qe6 22. Qd2 Qxa2 23. f3 Ba6 24. h3 Bc4 25. Qc1 a5 26. Nc2 Bd3 27. Ne3 Qe6 28. Qd2 c4 29. Ng4 h5 30. Nf2 Kg7 31. Nd1 Qe5 32. Kf2 Qc5+ 33. Qe3 Qb5 34. Qd4 Qb3 35. Ke1 Qc2 36. Qf2 Qb1 37. Kd2 Bc2 38. Ne3 Bb3 39. Nd5 Qd3+ 0-1

[Event "2BLN 2223 HSK Lister Turm - SV Glückau"]
[Site "?"]
[Date "2023.02.04"]
[Round "5.8"]
[White "Lammers, Markus"]
[Black "Szyszylo, Rafal"]
[Result "1-0"]
[WhiteElo "2317"]
[BlackElo "2093"]
[PlyCount "111"]
[EventDate "2023.??.??"]

1. Nf3 g6 2. c4 Nf6 3. Nc3 Bg7 4. d4 O-O 5. g3 d6 6. Bg2 Nc6 7. O-O a6 8. Qd3 Bd7 9. e4 e5 10. d5 Nb4 11. Qe2 a5 12. c5 Na6 13. cxd6 cxd6 14. Nd2 Qb8 15. Nc4 b6 16. Kh1 Nc5 17. f4 b5 18. fxe5 dxe5 19. Bg5 bxc4 20. Bxf6 Bxf6 21. Rxf6 Qb4 22. Raf1 Ra6 23. d6 Be6 24. Nd5 Bxd5 25. exd5 Nd7 26. R6f3 Rxd6 27. Rc3 Rc8 28. Rfc1 f5 29. Rxc4 Rxc4 30. Rxc4 Qb6 31. Rc6 Qb8 32. Qa6 Nb6 33. Qxa5 e4 34. Qc5 Rxc6 35. dxc6 Qc7 36. a4 Nc8 37. b4 Qd8 38. Bf1 Qd1 39. Kg1 Qxa4 40. Qd5+ Kg7 41. Qd7+ Kh6 42. Qxc8 Qa7+ 43. Kh1 Qf2 44. Qa6 Qf3+ 45. Bg2 Qc3 46. Qb5 e3 47. Qe2 g5 48. h3 f4 49. gxf4 gxf4 50. b5 Qa1+ 51. Kh2 Qe5 52. Bf3 Qc5 53. Qb2 Qg5 54. Qg2 Qxb5 55. h4 e2 56. Qg5+ 1-0

[Event "2BLN 2223 SV Werder Bremen II - SF Berl"]
[Site "?"]
[Date "2023.02.04"]
[Round "5.1"]
[White "Jakubowski, Krzysztof"]
[Black "Carlstedt, Jonathan"]
[Result "1-0"]
[WhiteElo "2475"]
[BlackElo "2437"]
[PlyCount "53"]
[EventDate "2023.??.??"]

1. c4 e6 2. Nc3 d5 3. d4 c5 4. cxd5 exd5 5. Nf3 Nf6 6. Bg5 Be6 7. e3 c4 8. Be2 Nbd7 9. O-O Qa5 10. Qc2 Bb4 11. Nd2 O-O 12. Bh4 Rfe8 13. a3 Bd6 14. h3 g6 15. g4 h5 16. f4 hxg4 17. f5 Bxf5 18. Rxf5 gxf5 19. Qxf5 Re6 20. Rf1 Qb6 21. Nxd5 Nxd5 22. Qxf7+ Kh8 23. Qh5+ Kg8 24. Qxd5 Kg7 25. Bxg4 Rae8 26. Nxc4 Qa6 27. Nxd6 1-0

[Event "2BLN 2223 SV Werder Bremen II - SF Berl"]
[Site "?"]
[Date "2023.02.04"]
[Round "5.2"]
[White "Meins, Gerlef"]
[Black "Lauber, Arnd"]
[Result "1/2-1/2"]
[WhiteElo "2424"]
[BlackElo "2405"]
[PlyCount "45"]
[EventDate "2023.??.??"]

1. d4 Nf6 2. c4 e6 3. Nf3 b6 4. Nc3 Bb4 5. Bg5 h6 6. Bxf6 Qxf6 7. Rc1 Bb7 8. a3 Bxc3+ 9. Rxc3 O-O 10. e3 d6 11. Be2 Nd7 12. O-O c5 13. Qc2 cxd4 14. exd4 Rac8 15. Rd1 d5 16. cxd5 Rxc3 17. bxc3 exd5 18. Qa4 Bc6 19. Qxa7 Qd6 20. Qa6 Ra8 21. Qd3 Rxa3 22. Qe3 Qe6 23. Qxe6 1/2-1/2

[Event "2BLN 2223 SV Werder Bremen II - SF Berl"]
[Site "?"]
[Date "2023.02.04"]
[Round "5.3"]
[White "Florstedt, Johannes"]
[Black "Joachim, Sven"]
[Result "1/2-1/2"]
[WhiteElo "2375"]
[BlackElo "2391"]
[PlyCount "109"]
[EventDate "2023.??.??"]

1. e4 e5 2. Nc3 Nf6 3. Bc4 Nxe4 4. Qh5 Nd6 5. Qxe5+ Qe7 6. Qxe7+ Bxe7 7. Be2 Nf5 8. Nf3 c6 9. g4 Nh4 10. Nxh4 Bxh4 11. Ne4 Be7 12. d4 d5 13. Ng3 O-O 14. Bf4 Be6 15. O-O-O Nd7 16. h4 Rfc8 17. f3 a5 18. Bd3 Bf8 19. Nf5 c5 20. dxc5 Nxc5 21. Bb5 a4 22. h5 a3 23. b3 Na6 24. Nd4 Nb4 25. Kb1 Rc5 26. Rh2 Nc6 27. Bxc6 bxc6 28. Bd2 Rb8 29. Bc1 Rc3 30. Bd2 Rc5 31. Nxe6 fxe6 32. Re2 Kf7 33. Rde1 Re8 34. Bb4 Rb5 35. Bxf8 Kxf8 36. Rxe6 Rxe6 37. Rxe6 Rc5 38. Re3 d4 39. Re4 Rc3 40. Rf4+ Ke7 41. Kc1 c5 42. g5 Ke6 43. Kd2 Ke7 44. g6 hxg6 45. hxg6 Ke6 46. Rf7 Re3 47. f4 Rf3 48. Ke2 Re3+ 49. Kf2 Rc3 50. f5+ Ke5 51. f6 Rxc2+ 52. Kf3 Rc3+ 53. Kg2 Rc2+ 54. Kf1 Rc1+ 55. Kg2 1/2-1/2

[Event "2BLN 2223 SV Werder Bremen II - SF Berl"]
[Site "?"]
[Date "2023.02.04"]
[Round "5.4"]
[White "Kollen, Zyon"]
[Black "Chatzidakis, Mihail"]
[Result "1/2-1/2"]
[WhiteElo "2361"]
[BlackElo "2323"]
[PlyCount "99"]
[EventDate "2023.??.??"]

1. e4 c5 2. Nf3 d6 3. d4 cxd4 4. Nxd4 Nf6 5. Nc3 Nc6 6. Bg5 e6 7. Qd2 a6 8. O-O-O Bd7 9. f3 h6 10. Be3 Qc7 11. g4 Ne5 12. h4 b5 13. Bd3 g6 14. Kb1 b4 15. Nce2 d5 16. g5 dxe4 17. fxe4 Nfg4 18. h5 Nxe3 19. Qxe3 hxg5 20. hxg6 Rxh1 21. gxf7+ Nxf7 22. Rxh1 Bg7 23. Nf3 g4 24. Nfd4 Qe5 25. Rh4 Ke7 26. Rxg4 Rh8 27. Qg1 Bf6 28. Nf4 Qxd4 29. Ng6+ Ke8 30. Qxd4 Bxd4 31. Nxh8 Bxh8 32. Bxa6 Be5 33. Rg8+ Ke7 34. Bd3 Bc6 35. Rg6 Nd6 36. Rg4 Ne8 37. Rh4 Nf6 38. a3 bxa3 39. bxa3 Bg3 40. Rh3 Bd6 41. Rh4 Bxa3 42. e5 Nd7 43. Rh7+ Kd8 44. Bc4 Nf8 45. Rf7 Bd7 46. c3 Be7 47. Rg7 Be8 48. Kc2 Bg6+ 49. Bd3 Be8 50. Bc4 1/2-1/2

[Event "2BLN 2223 SV Werder Bremen II - SF Berl"]
[Site "?"]
[Date "2023.02.04"]
[Round "5.5"]
[White "Poltorak, Sebastian"]
[Black "Breutigam, Martin"]
[Result "1/2-1/2"]
[WhiteElo "2360"]
[BlackElo "2355"]
[PlyCount "48"]
[EventDate "2023.??.??"]

1. e4 c6 2. Nc3 d5 3. Nf3 dxe4 4. Nxe4 Nf6 5. Qe2 Nxe4 6. Qxe4 Qd5 7. Qf4 Qf5 8. Qe3 Qe6 9. b3 Qxe3+ 10. fxe3 a5 11. Bb2 a4 12. O-O-O Bg4 13. Bc4 e6 14. Rdf1 Bxf3 15. gxf3 axb3 16. axb3 Ba3 17. Bxa3 Rxa3 18. Kb2 Ra8 19. Ra1 Rxa1 20. Rxa1 Kd8 21. d4 Kc7 22. Bd3 Nd7 23. f4 f5 24. c4 Nf6 1/2-1/2

[Event "2BLN 2223 SV Werder Bremen II - SF Berl"]
[Site "?"]
[Date "2023.02.04"]
[Round "5.6"]
[White "Richter, Christian"]
[Black "Polzin, Rainer"]
[Result "1/2-1/2"]
[WhiteElo "2360"]
[BlackElo "2396"]
[PlyCount "23"]
[EventDate "2023.??.??"]

1. d4 Nf6 2. Nf3 g6 3. g3 Bg7 4. Bg2 O-O 5. c4 c5 6. O-O cxd4 7. Nxd4 d5 8. cxd5 Nxd5 9. Nb5 Be6 10. Nd4 Bc8 11. Nb5 Be6 12. Nd4 1/2-1/2